Fane Khabar Nawasi (Record no. 7105)
[ view plain ]
| 000 -LEADER | |
|---|---|
| fixed length control field | 00311 a2200133 4500 |
| 082 ## - DEWEY DECIMAL CLASSIFICATION NUMBER | |
| Classification number | 070 |
| 090 ## - LOCALLY ASSIGNED LC-TYPE CALL NUMBER (OCLC); LOCAL CALL NUMBER (RLIN) | |
| -- | 3190 |
| -- | 3190 |
| 100 ## - MAIN ENTRY--PERSONAL NAME | |
| Personal name | Khalid, A. R. |
| 245 ## - TITLE STATEMENT | |
| Title | Fane Khabar Nawasi |
| Statement of responsibility, etc. | A. R. Khalid |
| 260 ## - PUBLICATION, DISTRIBUTION, ETC. | |
| Place of publication, distribution, etc. | Lahore: |
| Name of publisher, distributor, etc. | Maqtaba-e-Karwan. |
| 300 ## - PHYSICAL DESCRIPTION | |
| Extent | 144 p. ; |
| Dimensions | 24 cm. |
| 650 ## - SUBJECT ADDED ENTRY--TOPICAL TERM | |
| Topical term or geographic name entry element | Journalism. |
| 942 ## - ADDED ENTRY ELEMENTS (KOHA) | |
| Koha item type | Book |
| Call number prefix | 070 KHA |
| Withdrawn status | Lost status | Source of classification or shelving scheme | Damaged status | Not for loan | Permanent Location | Current Location | Shelving location | Date acquired | Source of acquisition | Cost, normal purchase price | Total Checkouts | Full call number | Barcode | Date last seen | Price effective from | Koha item type |
|---|---|---|---|---|---|---|---|---|---|---|---|---|---|---|---|---|
| Central Library (CL) | Central Library (CL) | First Floor - Journalism | 09/23/2008 | Donation | 0.00 | 302.23 KHA | SEECS009272 | 11/14/2012 | 01/05/2017 | Book | ||||||
| Central Library (CL) | Central Library (CL) | First Floor - Journalism | 09/23/2008 | Donation | 0.00 | 302.23 KHA | SEECS009273 | 11/14/2012 | 01/05/2017 | Book |
